000 00380nam a2200109Ia 4500
008 171204s9999 xx 000 0 und d
245 _aTheory And Treatment Planning In Counseling And Psychotherapy:
245 _cDiane R. Gehart
260 _c2015
650 _xPSYCHOLOGICAL COUNSELING AND PSYCHOTHERAPY
856 _uhttp://down.ebook777.com/026/TheAndTrePlaInCouAndPsy2ndEdi.pdf
999 _c346499
_d346499